MARC details
| 000 -LEADER |
| campo de control de longitud fija |
01950cam a22002898a 4500 |
| 001 - NÚMERO DE CONTROL |
| campo de control |
4849952 |
| 005 - FECHA Y HORA DE LA ÚLTIMA TRANSACCIÓN |
| campo de control |
20220326193313.0 |
| 008 - DATOS DE LONGITUD FIJA--INFORMACIÓN GENERAL |
| campo de control de longitud fija |
030912s2003 enk 100 0 eng |
| 015 ## - NÚMERO DE BIBLIOGRAFÍA NACIONAL |
| Número de bibliografía nacional |
GBA3-U5181 |
| 020 ## - NÚMERO INTERNACIONAL ESTÁNDAR DEL LIBRO |
| Número Internacional Estándar del Libro |
1854891529 |
| 020 ## - NÚMERO INTERNACIONAL ESTÁNDAR DEL LIBRO |
| Número Internacional Estándar del Libro |
1854891537 (pbk.) : |
| Condiciones de disponibilidad |
£14.95 |
| 035 ## - NÚMERO DE CONTROL DEL SISTEMA |
| Número de control de sistema |
(OCoLC)ocm53068566 |
| 035 ## - NÚMERO DE CONTROL DEL SISTEMA |
| Número de control de sistema |
(NNC)4849952 |
| 040 ## - FUENTE DE CATALOGACIÓN |
| Centro catalogador/agencia de origen |
UKM |
| Centro/agencia transcriptor |
UKM |
| Centro/agencia modificador |
OCLCQ |
| -- |
NNC |
| 082 04 - NÚMERO DE LA CLASIFICACIÓN DECIMAL DEWEY |
| Número de clasificación |
707 |
| Número de ítem |
P213c |
| 100 ## - ENTRADA PRINCIPAL--NOMBRE DE PERSONA |
| Nombre de persona |
Papastergiadis, Nikos |
| 9 (RLIN) |
2190 |
| 245 00 - MENCIÓN DEL TÍTULO |
| Título |
Complex entanglements : |
| Resto del título |
art, globalisation and cultural difference / |
| Mención de responsabilidad, etc. |
edited by Nikos Papastergiadis. |
| 260 ## - PUBLICACIÓN, DISTRIBUCIÓN, ETC. |
| Lugar de publicación, distribución, etc. |
London : |
| Nombre del editor, distribuidor, etc. |
Rivers Oram, |
| Fecha de publicación, distribución, etc. |
2003. |
| 300 ## - DESCRIPCIÓN FÍSICA |
| Extensión |
x, 244 p. ; |
| Dimensiones |
24 cm. |
| 505 ## - NOTA DE CONTENIDO CON FORMATO |
| Título |
Notes of the contributor |
| Mención de responsabilidad |
Foreword by Nicholas Tsoutas |
| Título |
South-south-south |
| Mención de responsabilidad |
Nikos Papastergiadis |
| Título |
Alien-Own/ Own Alien Notes on Globalisation and cultural difference |
| Mención de responsabilidad |
Gerardo Mosquera |
| Título |
Cultural Translation in a Globalised World |
| Mención de responsabilidad |
Ien Ang |
| Título |
Dreaming Art |
| Mención de responsabilidad |
Marcia Lantong |
| Título |
Parallel Universe, Other Worlds |
| Mención de responsabilidad |
Hetti Perkins |
| Título |
Towards a metaethic of shit |
| Mención de responsabilidad |
Jean Fisher |
| Título |
Jet - Lang Mambo |
| Mención de responsabilidad |
Carlos Capelan |
| Título |
Performance Art in digital age |
| Mención de responsabilidad |
Ricardo Dominguez and coco Fusco |
| Título |
New Media, Culture, Identity |
| Mención de responsabilidad |
Jhon Conomos |
| Título |
Come What May Beyond The Emperor´s New Clothes |
| Mención de responsabilidad |
Rasheed Araeen |
| Título |
Culture identity and boredom transculturalism its Ecstasy |
| Mención de responsabilidad |
Nikos Papastergiadis |
| Título |
Multicultural Sites Practices Un/ Homeliness |
| Mención de responsabilidad |
Sneja Gunew |
| Título |
When The people Take to the street Ersatz culture´s contents and discontents |
| Mención de responsabilidad |
Paul Carter |
| Título |
The shrinking society ethics and hope in the era of global capitalism |
| Mención de responsabilidad |
Ghassan Hage |
| Título |
Looking back and looking forward policies of multiculturalism and the arts im australia |
| Mención de responsabilidad |
Fazal Rizvi |
| 650 #0 - PUNTO DE ACCESO ADICIONAL DE MATERIA--TÉRMINO DE MATERIA |
| Término de materia o nombre geográfico como elemento de entrada |
Multiculturalism |
| Subdivisión de forma |
Congresses. |
| 9 (RLIN) |
2191 |
| 650 #0 - PUNTO DE ACCESO ADICIONAL DE MATERIA--TÉRMINO DE MATERIA |
| Término de materia o nombre geográfico como elemento de entrada |
Multiculturalism in art |
| Subdivisión de forma |
Congresses. |
| 9 (RLIN) |
2192 |
| 650 #0 - PUNTO DE ACCESO ADICIONAL DE MATERIA--TÉRMINO DE MATERIA |
| Término de materia o nombre geográfico como elemento de entrada |
Arts and society |
| Subdivisión de forma |
Congresses. |
| 9 (RLIN) |
605 |
| 650 #0 - PUNTO DE ACCESO ADICIONAL DE MATERIA--TÉRMINO DE MATERIA |
| Término de materia o nombre geográfico como elemento de entrada |
Arts |
| Subdivisión general |
Political aspects |
| Subdivisión de forma |
Congresses. |
| 9 (RLIN) |
2193 |
| 700 1# - ENTRADA AGREGADA--NOMBRE PERSONAL |
| Nombre de persona |
Papastergiadis, Nikos, |
| Fechas asociadas al nombre |
1962- |
| 9 (RLIN) |
864 |